00269nam a2200109Ia 4500008004100000041000800041082001700049100001200066245004000078260003400118365000700152240624s9999 xx 000 0 und d aeng a332.6457 KEV aKEVIN S aCOMMODITY AND FINANCIAL DERIVATIVES c2010aNew DlehibPHI Learning cRS